[Event "Berlin-ch Seniors op 34th"]
[Site "Berlin"]
[Date "2018.02.03"]
[Round "5"]
[White "Mueller, Johannes1111"]
[Black "Andress, Silvio"]
[Result "1/2-1/2"]
[WhiteElo "1815"]
[BlackElo "1683"]
[PlyCount "119"]
[EventDate "2018.01.30"]
[EventType "swiss"]
[EventRounds "9"]
[EventCountry "GER"]
[SourceTitle "EXT 2020"]
[Source "ChessBase"]
[SourceDate "2019.10.17"]
[SourceVersion "1"]
[SourceVersionDate "2019.10.17"]
[SourceQuality "1"]

1. e4 Nf6 2. d3 d6 3. f4 g6 4. Nf3 Bg7 5. Be2 c5 6. c4 Nc6 7. Nc3 Bd7 8. 0-0 Nd4 9. Nxd4 cxd4 10. Nd5 Nxd5 11. cxd5 f5 12. g4 fxe4 13. dxe4 Qb6 14. Bd3 Bb5 15. Rf3 Rc8 16. b3 0-0 17. Bb2 Bd7 18. h3 e6 19. dxe6 Bxe6 20. Qd2 Rc7 21. Rd1 Rfc8 22. Kg2 a5 23. Bb1 a4 24. Bxd4 Bxd4 25. Qxd4 Qxd4 26. Rxd4 axb3 27. axb3 Rc1 28. Rxd6 Bxg4 29. hxg4 Rxb1 30. Rb6 Rc7 31. e5 Re7 32. Re3 Rd1 33. Re4 Kg7 34. Reb4 Rdd7 35. Kf3 Kf7 36. Ke4 h5 37. gxh5 gxh5 38. f5 Rd1 39. Rxb7 Re1+ 40. Kf4 R1xe5 41. Rxe7+ Rxe7 42. Kg5 Re5 43. Rf4 Re3 44. b4 Rg3+ 45. Kxh5 Kf6 46. Kh4 Rg1 47. Rg4 Rh1+ 48. Kg3 Kxf5 49. Rc4 Ke5 50. Kf3 Rb1 51. Ke3 Rb3+ 52. Kd2 Kd5 53. Rh4 Kc6 54. Kc2 Rg3 55. Kb2 Rf3 56. Rd4 Rf5 57. Rd3 Kb5 58. Kb3 Rh5 59. Kc3 Rg5 60. Rd8 1/2-1/2

[Event "Berlin Werner Ott op"]
[Site "Berlin"]
[Date "2014.07.05"]
[Round "1"]
[White "Andress, Silvio"]
[Black "Gebigke, Martin"]
[Result "0-1"]
[WhiteElo "1764"]
[BlackElo "2152"]
[PlyCount "88"]
[EventDate "2014.07.05"]
[EventType "swiss"]
[EventRounds "9"]
[EventCountry "GER"]
[SourceTitle "CBM 161 Extra"]
[Source "ChessBase"]
[SourceDate "2014.08.29"]
[SourceVersion "1"]
[SourceVersionDate "2014.08.29"]
[SourceQuality "1"]

1. b4 d5 2. Bb2 Qd6 3. a3 e5 4. e3 Be6 5. Nf3 Nd7 6. Ng5 Bf5 7. c4 h6 8. Nf3 Ngf6 9. cxd5 Nxd5 10. Nc3 Nxc3 11. Bxc3 Qe6 12. Bb5 c6 13. Ba4 Bd6 14. Bb3 Qe7 15. Qe2 0-0 16. d4 e4 17. Nd2 Qg5 18. f4 exf3 19. Nxf3 Qe7 20. 0-0 Rae8 21. Rae1 Bg6 22. Qb2 Bd3 23. Rf2 Qe4 24. Bc2 Bxc2 25. Qxc2 Nb6 26. Qxe4 Rxe4 27. Nd2 Re6 28. e4 Nd5 29. Bb2 f5 30. e5 Be7 31. Nc4 f4 32. Rf3 g5 33. h3 h5 34. Re4 Rf7 35. Bc1 g4 36. hxg4 hxg4 37. Rf1 Nc3 38. Ree1 Bh4 39. Nd6 Rd7 40. Bxf4 Bxe1 41. Rxe1 Rdxd6 42. exd6 Rxe1+ 43. Kf2 Re4 44. Be5 Kf7 0-1

[Event "Berlin Spring op-B"]
[Site "Berlin"]
[Date "2014.05.01"]
[Round "2"]
[White "Andress, Silvio"]
[Black "Binder, Thomas"]
[Result "0-1"]
[WhiteElo "1591"]
[BlackElo "1750"]
[PlyCount "66"]
[EventDate "2014.05.01"]
[EventType "swiss"]
[EventRounds "7"]
[EventCountry "GER"]
[SourceTitle "CBM 160 Extra"]
[Source "ChessBase"]
[SourceDate "2014.07.01"]
[SourceVersion "1"]
[SourceVersionDate "2014.07.01"]
[SourceQuality "1"]

1. Nf3 d5 2. b4 Nf6 3. Bb2 e6 4. a3 Bd6 5. e3 0-0 6. c4 c6 7. Nc3 Re8 8. c5 Bc7 9. d4 Nbd7 10. Bd3 e5 11. Bf5 e4 12. Nd2 Nxc5 13. Bxh7+ Nxh7 14. dxc5 Nf6 15. Ne2 Ng4 16. Nf1 Ne5 17. Nf4 Bg4 18. Qc2 g5 19. h3 Bf5 20. Ne2 Nd3+ 21. Kd2 Nxf2 22. Nfg3 Bg6 23. Rhf1 Nd3 24. Bf6 Qd7 25. Bxg5 a5 26. Nf4 Be5 27. Rab1 axb4 28. axb4 Ra3 29. Rb3 Rea8 30. Nxg6 fxg6 31. Rxa3 Rxa3 32. Nxe4 dxe4 33. Ke2 Qd5 0-1